NHL Player Nicknames - Statistics

General Stats
  • This quiz has been taken 19 times
  • The average score is 18 of 28
Answer Stats
Hint Answer % Correct
Sid the Kid Sidney Crosby
100%
The Pocket Rocket Henri Richard
95%
Super Mario Mario Lemieux
95%
The Rocket Maurice Richard
95%
The Great One Wayne Gretzky
95%
Mr. Hockey Gordie Howe
89%
The Dominator Dominik Hasek
84%
The Finnish Flash Teemu Selanne
84%
The Golden Jet Bobby Hull
79%
The Golden Brett Brett Hull
79%
Johnny Hockey Johnny Gaudreau
79%
Flower Marc-Andre Fleury
79%
Jumbo Joe Thornton
74%
Cujo Curtis Joseph
68%
Eddie the Eagle Eddie Belfour
68%
Captain Serious Johnathan Toews
68%
Phil the Thrill Phil Kessel
68%
The Breadman Artemi Panarin
63%
The Russian Rocket Pavel Bure
63%
Big Buff Dustin Byfuglien
42%
BizNasty Paul Bissonette
42%
The Grimm Reaper Stu Grimson
42%
The Hammer Dave Schultz
37%
The Boogey Man Derek Boogaard
37%
Toe Hector Blake
32%
Big Walt Keith Tkachuck
21%
Mr. Goalie Glen Hall
16%
Big Bird Larry Robinson
16%
No matching quizzes found
Score Distribution
Percent of People with Each Score
Percentile by Number Answered
Your Score History
You have not taken this quiz